| 000 | 00722nam a22002177a 4500 | ||
|---|---|---|---|
| 003 | OSt | ||
| 005 | 20150710190418.0 | ||
| 008 | 150710b xxu||||| |||| 00| 0 eng d | ||
| 020 | _a9780470083055 | ||
| 040 | _cDDC | ||
| 082 | _a628 ENV 2009 | ||
| 100 |
_aeditor Nemerow, Nelson L. _95516 |
||
| 245 |
_aEnvironmental engineering. _benvironmental health and safety for municipal infrustructure, land use and planning, and industry |
||
| 250 | _a6th ed. | ||
| 260 |
_aNew Jersey; _bJohn Wiley, _c2009 |
||
| 300 |
_axix,556p; _bill: _c24.5cm |
||
| 504 | _aBibliography, & index included | ||
| 650 |
_aEnvironmental engineering _95517 |
||
| 700 |
_aeditor Agard, Franklin J. ;Sullivan, Patrick _95518 |
||
| 942 |
_2ddc _cO_SHELF |
||
| 999 |
_c2140 _d2140 |
||